|
|
|
|
| LEADER |
00000naa2a2200000 4500 |
| 001 |
606111 |
| 005 |
20231101132403.0 |
| 035 |
|
|
|a (RuTPU)RU\TPU\conf\3490
|
| 035 |
|
|
|a RU\TPU\conf\3486
|
| 090 |
|
|
|a 606111
|
| 100 |
|
|
|a 20140519d2013 k y0rusy50 ca
|
| 101 |
0 |
|
|a rus
|g rus
|
| 102 |
|
|
|a RU
|
| 105 |
|
|
|a y z 100zy
|
| 135 |
|
|
|a drcn ---uucaa
|
| 181 |
|
0 |
|a i
|
| 182 |
|
0 |
|a b
|
| 200 |
1 |
|
|a Этапы планирования и проведение профориентационных мероприятий маркетинговой политики ВУЗа
|f Е. А. Ляхова
|g науч. рук. А. А. Захарова
|
| 203 |
|
|
|a Текст
|c электронный
|
| 215 |
|
|
|a 1 файл(321 Кб)
|
| 225 |
1 |
|
|a Автоматизация и информатизация на производстве и в образовательном процессе
|
| 230 |
|
|
|a Электронные текстовые данные (1 файл: 321 Кб)
|
| 300 |
|
|
|a Заглавие с экрана
|
| 320 |
|
|
|a [Библиогр.: с. 234 (2 назв.)]
|
| 337 |
|
|
|a Adobe Reader
|
| 463 |
|
1 |
|0 (RuTPU)RU\TPU\conf\2057
|t Прогрессивные технологии и экономика в машиностроении
|o сборник трудов IV Всероссийской научно-практической конференции с элементами научной школы для студентов и учащейся молодежи, 4-6 апреля 2013 года, Юрга
|f Национальный исследовательский Томский политехнический университет (ТПУ), Юргинский технологический институт (ЮТИ) ; отв. за вып. Д. А. Чинахов
|v [С. 232-234]
|d 2013
|
| 610 |
1 |
|
|a электронный ресурс
|
| 610 |
1 |
|
|a труды учёных ТПУ
|
| 610 |
1 |
|
|a планирование
|
| 610 |
1 |
|
|a профориентационные программы
|
| 610 |
1 |
|
|a маркетинговая политика
|
| 610 |
1 |
|
|a вузы
|
| 700 |
|
1 |
|a Ляхова
|b Е. А.
|
| 702 |
|
1 |
|a Захарова
|b А. А.
|c специалист в области информатики и вычислительной техники
|c доцент Юргинского технологического института (филиал) Томского политехнического университета, кандидат технических наук
|f 1976-
|g Александра Александровна
|2 stltpush
|4 727
|
| 712 |
0 |
2 |
|a Национальный исследовательский Томский политехнический университет (ТПУ)
|b Юргинский технологический институт (филиал) (ЮТИ)
|b Кафедра информационных систем (ИС)
|h 1492
|2 stltpush
|3 (RuTPU)RU\TPU\col\18893
|
| 801 |
|
1 |
|a RU
|b 63413507
|c 20101016
|
| 801 |
|
2 |
|a RU
|b 63413507
|c 20140519
|g RCR
|
| 856 |
4 |
|
|u http://www.lib.tpu.ru/fulltext/c/2013/C57/105.pdf
|
| 942 |
|
|
|c BK
|